Score 0/12 Timer 02:00
2 Plays Today
Clue Word % Correct
The first letter of the Greek alphabetα ALPHA α
98.2%
A common greeting in HawaiiALOHA
97.9%
'Take _ ____ at the next intersection.'A LEFT
90.9%
At attention and ready to respondALERT
80%
High in the air, like an airplaneALOFT
79.7%
Turn away: _____ your eyesAVERT
78.9%
The last letter of the Greek alphabetω OMEGA ω
75.6%
Capital of Tonga: Nukuʻ_____ALOFA
73.9%
'I'm looking ____ _ four-leaf clover'OVER A
65.7%
Open and unconcealed, readily observableOVERT
65.1%
France's aerospace research agency:
Office National d'Études et de Recherches Aérospatiales
ONERA
54.7%
A lake in Russia, Europe's second largestONEGA
47.5%

Today's Daily Dose

Remove Ads.
Support Sporcle.
Get the best of Sporcle when you Go Orange. This ad-free experience offers more features, more stats, and more fun while also helping to support Sporcle. Thank you for becoming a member.

You're not logged in!

Compare scores with friends on all Sporcle quizzes.
OR
Log In

Show Comments

Extras

Top Quizzes Today


Score Distribution

Your Account Isn't Verified!

In order to create a playlist on Sporcle, you need to verify the email address you used during registration. Go to your Sporcle Settings to finish the process.

Report this User

Report this user for behavior that violates our Community Guidelines.

Details: